Legislación administrativa : parte general / Pedro Escribano Collado parte general / Pedro Escribano Collado
ISBN:
84-7405-443-5
Descripción Física:
1246 p. ; 21 cm
Otros Autores:
Escribano Collado, Pedro
MARC
| LEADER | 00000nam a2200000Ia 4500 | ||
|---|---|---|---|
| 001 | 14364 | ||
| 008 | 160829s1989 xx 000 0 cat d | ||
| 020 | |a 84-7405-443-5 | ||
| 080 | |a D-3-1 | ||
| 100 | |a Espanya. Lleis, etc. |9 23269 | ||
| 245 | |a Legislación administrativa : |b parte general / Pedro Escribano Collado | ||
| 250 | |a 6a ed. | ||
| 260 | |a Sevilla : |b Universidad de Sevilla, |c 1989 | ||
| 300 | |a 1246 p. ; |c 21 cm | ||
| 590 | |a Índex | ||
| 650 | |a Dret administratiu |x Legislació |x Espanya |9 25686 | ||
| 700 | |a Escribano Collado, Pedro |9 18115 | ||
| 901 | |a Arxiu | ||
| 942 | |n 1 | ||
| 952 | |0 1 |1 0 |2 udc |4 0 |5 2 |6 D31 |7 1 |9 43737 |a Arxiu |b Arxiu |d 2016-12-01 |l 0 |o D-3-1 |p 14364 |r 2016-12-01 00:00:00 |w 2016-12-01 |y ARXIU | ||
| 999 | |c 46285 |d 46285 | ||